Estudios de historia del derecho europeo
Αποθηκεύτηκε σε:
| Συγγραφή απο Οργανισμό/Αρχή: | |
|---|---|
| Μορφή: | Βιβλίο |
| Γλώσσα: | Ισπανικά |
| Έκδοση: |
Madrid
Complutense
1994
|
| Θέματα: | |
| Ετικέτες: |
Προσθήκη ετικέτας
Δεν υπάρχουν, Καταχωρήστε ετικέτα πρώτοι!
|
MARC
| LEADER | 00000nam a2200000 a 4500 | ||
|---|---|---|---|
| 001 | UCP1240 | ||
| 003 | CL-VaPUC | ||
| 008 | 990401e19940000SP |||||||||||||||||spa|d | ||
| 082 | 0 | 4 | |a 349.8 |b UNI |2 21 |
| 110 | 2 | |a Universidad Complutense |e author |9 427188 | |
| 245 | 1 | 0 | |a Estudios de historia del derecho europeo |
| 300 | |a v | ||
| 942 | |c BK | ||
| 945 | |d 19990401 00:00:00 |a aarredon | ||
| 260 | |a Madrid |b Complutense |c 1994 | ||
| 650 | 7 | |a DERECHO |2 CL-VaPUC |9 427189 | |
| 650 | 0 | |a Historia |9 255047 | |
| 650 | 0 | |a Derecho europeo |9 391498 | |
| 650 | 0 | |a Antigüedad |9 335267 | |
| 650 | 0 | |a Epoca moderna |9 394357 | |
| 650 | 7 | |a EPOCA CONTEMPORANEA |2 CL-VaPUC |9 392007 | |
| 650 | 0 | |a Leyes |9 256670 | |
| 583 | |a last modification |c 19990401 00:00:00 |k Rodrigo Vera | ||
| 999 | |c 279942 |d 279940 | ||
| 952 | |0 0 |1 0 |4 0 |6 349_800000000000000_UNI_1994 |7 0 |8 DER_HIS |9 319877 |a BIBDER |b BIBDER |d 2019-11-20 |i 3489825 |o 349.8 UNI 1994 |p 3489825 |r 2023-01-25 |w 2019-11-20 |x Ubicación 4to Piso |y BK |z Estos recursos deben solicitarse con anticipación |k DER | ||
| 952 | |0 0 |1 0 |4 0 |6 349_800000000000000_UNI_1994 |7 0 |8 DER_HIS |9 319878 |a BIBDER |b BIBDER |d 2019-11-20 |i 3489817 |o 349.8 UNI 1994 |p 3489817 |r 2023-01-25 |w 2019-11-20 |x Ubicación 4to Piso |y BK |z Estos recursos deben solicitarse con anticipación |k DER | ||
| 952 | |0 0 |1 0 |4 0 |6 349_800000000000000_UNI_1994 |7 0 |8 DER_HIS |9 319879 |a BIBDER |b BIBDER |d 2019-11-20 |h v.3 |i 3536319 |o 349.8 UNI 1994 |p 3536319 |r 2023-01-25 |w 2019-11-20 |x Ubicación 4to Piso |y BK |z Estos recursos deben solicitarse con anticipación |k DER | ||